Word Ladder: Blonde on Blonde Quiz Stats

 Plays Quiz Updated Jun 23, 2017

Support Sporcle.
Go Orange.
Score 0/40 Timer 04:00
0 Plays Today
Hint 4-Letter Word % Correct
Ceased livingDIED
96.4%
Changed hair colorDYED
95.9%
Food eating planDIET
94.1%
Where to find gold or coalMINE
92.8%
Breath freshenerMINT
91.4%
CreateMAKE
91.4%
What a man might use on a woman in a barLINE
90.4%
One with XY chromosomesMALE
90.3%
Erie or Huron, e.g.LAKE
89.7%
'Just ____ a Woman'LIKE
89%
The people in a movieCAST
88.4%
PriceCOST
87.2%
Why a referee might blow his whistleFOUL
86.1%
Number of apocalyptic horsemenFOUR
85.9%
____ and wentCAME
84.3%
A beer-like beverageMALT
82.8%
Gossip or soilDIRT
82.4%
Fasten a doorLOCK
82.4%
Legal matterCASE
82.1%
SprayMIST
81.3%
Hint 4-Letter Word % Correct
Desire afterLUST
80.2%
Your appearanceLOOK
79.3%
'One of Us _____ Know (Sooner or Later)'MUST
79.2%
'[Rung 14] Likely You Go ____ Way (And I'll Go Mine)'YOUR
77.7%
Shed one's skinMOLT
77%
UrgentDIRE
76.9%
Have a shortageLACK
74%
'____ Likely You Go [Rung 29] Way (And I'll Go Mine)'MOST
73.3%
ExhaustTIRE
73.2%
DocileTAME
72.4%
Matthew Fox TV showLOST
70.5%
TrickFOOL
67%
'Pledging My ____'TIME
66.9%
Shed itemTOOL
58.8%
Tolkien's PippinTOOK
58.8%
How you might describe some lingerieLACY
52.5%
ScoundrelLOUT
40.9%
GloomyLOUR
38.7%
'Sad [Rung1] ____ of the Lowlands'LADY
28.6%
'Sad ____ [Rung 40] of the Lowlands'EYED
28.1%

Today's Daily Dose

You're not logged in!

Compare scores with friends on all Sporcle quizzes.
OR
Log In
Forgot?

From the Vault

WWI Events on a Map

by LTH

It was one of the most important conflicts of the 20th century. Do you know where these events took place?
Remove Ads.
Support Sporcle.
Get the best of Sporcle when you Go Orange. This ad-free experience offers more features, more stats, and more fun while also helping to support Sporcle. Thank you for becoming a member.

Show Comments

Extras

Top Quizzes Today


Score Distribution

Your Account Isn't Verified!

In order to create a playlist on Sporcle, you need to verify the email address you used during registration. Go to your Sporcle Settings to finish the process.

Report this User

Report this user for behavior that violates our Community Guidelines.

Details: